Detalles MARC
| 000 -LEADER |
| fixed length control field |
01046nam a22002537a 4500 |
| 003 - CONTROL NUMBER IDENTIFIER |
| control field |
OSt |
| 005 - DATE AND TIME OF LATEST TRANSACTION |
| control field |
20220310102404.0 |
| 007 - PHYSICAL DESCRIPTION FIXED FIELD--GENERAL INFORMATION |
| fixed length control field |
ta |
| 008 - FIXED-LENGTH DATA ELEMENTS--GENERAL INFORMATION |
| fixed length control field |
210219b2020 dr acd|g || 00| 0dspa d |
| 020 ## - INTERNATIONAL STANDARD BOOK NUMBER |
| International Standard Book Number |
9789945484397 |
| 040 ## - CATALOGING SOURCE |
| Original cataloging agency |
DO-SdBNP |
| Language of cataloging |
spa |
| Transcribing agency |
BPMSU |
| 082 ## - DEWEY DECIMAL CLASSIFICATION NUMBER |
| Classification number |
380.9729374 |
| Item number |
S944o 2020 |
| Edition number |
22 |
| 100 1# - MAIN ENTRY--PERSONAL NAME |
| Personal name |
Suero Espinal , Juan Héctor. |
| Dates associated with a name |
1941-2018. |
| 245 10 - TITLE STATEMENT |
| Title |
Origen y evolución de la Cámara de Comercio y producción de la provincia San Cristóbal / |
| Statement of responsibility, etc. |
Juan Héctor Suero Espinal |
| 260 ## - PUBLICATION, DISTRIBUTION, ETC. (IMPRINT) |
| Place of publication, distribution, etc. |
San Cristóbal : |
| Name of publisher, distributor, etc. |
Cámara de Comercio y Producción de la Provincia San Cristóbal, |
| Date of publication, distribution, etc. |
2020. |
| Name of publisher, distributor, etc. |
|
| 300 ## - PHYSICAL DESCRIPTION |
| Extent |
344 p. : |
| Other physical details |
il., grafcs., retrs. ; |
| Dimensions |
22 cm. |
| 500 ## - GENERAL NOTE |
| General note |
Incluye datos biográficos del autor en las solapas |
| 590 ## - LOCAL NOTE (RLIN) |
| Local note |
Inventariado, 2022/VM |
| 610 #4 - SUBJECT ADDED ENTRY--CORPORATE NAME |
| Corporate name or jurisdiction name as entry element |
Cámara de Comercio de San Cristóbal (República Dominicana) |
| General subdivision |
Historia |
| 651 #4 - SUBJECT ADDED ENTRY--GEOGRAPHIC NAME |
| Geographic name |
San Cristóbal (República Dominicana) |
| General subdivision |
Comercio |
| -- |
Historia |
| 651 #4 - SUBJECT ADDED ENTRY--GEOGRAPHIC NAME |
| Geographic name |
San Cristóbal (República Dominicana) |
| General subdivision |
Condiciones económicas |
| 910 ## - USER-OPTION DATA (OCLC) |
| User-option data |
VMateo V. |
| 942 ## - ADDED ENTRY ELEMENTS (KOHA) |
| Source of classification or shelving scheme |
Dewey Decimal Classification |
| Koha item type |
Libros |